000 00709nam a2200289Ia 4500
005 20260324113429.0
008 008 260324s9999 xx 000 0 eng d
020 _a9781003379072
037 _aEBOOK
040 _aCRL
040 _beng
040 _cCRL
041 _2eng
041 _aeng
084 _qCRL
100 _aXi Wu
_91146743
245 0 _aInternational Students in Transnational Spaces
245 0 _bChinese Youth’s Aspirations, Learning and Becoming
260 _bTaylor and Francis
260 _c2023
365 _a
365 _b230
856 _uhttp://www.taylorfrancis.com/books/9781003379072
942 _cEBOOK
999 _c1736387
_d1736387